Cómo estudiar / (Record no. 96070)

MARC details
000 -LEADER
campo de control de longitud fija 00799nam a2200241 i 4500
001 - NÚMERO DE CONTROL
campo de control 96070
003 - IDENTIFICADOR DE NÚMERO DE CONTROL
campo de control ES-MaACL
005 - FECHA Y HORA DE LA ÚLTIMA TRANSACCIÓN
campo de control 20250909204128.0
007 - CAMPO FIJO DE DESCRIPCIÓN FÍSICA--INFORMACIÓN GENERAL
campo de control de longitud fija t|
008 - DATOS DE LONGITUD FIJA--INFORMACIÓN GENERAL
campo de control de longitud fija 050610s1964 sp ||||1| spa d
100 1# - ENTRADA PRINCIPAL--NOMBRE DE PERSONA
Nombre de persona Maddox, Harry.
9 (RLIN) 75307
245 10 - MENCIÓN DEL TÍTULO
Título Cómo estudiar /
Mención de responsabilidad, etc. Harry Maddox; [traducción y adaptación del capítulo "Cómo escribir el castellano", de M. Dolores Bordas y Prudencio Comes].
250 ## - MENCION DE EDICION
Mención de edición 1ª ed.
260 ## - PUBLICACIÓN, DISTRIBUCIÓN, ETC.
Lugar de publicación, distribución, etc. Vilasar de Mar, Barcelona :
Nombre del editor, distribuidor, etc. Occidente,
Fecha de publicación, distribución, etc. 1964.
300 ## - DESCRIPCIÓN FÍSICA
Extensión 243 p. :
Otras características físicas il. ;
Dimensiones 22 cm.
490 1# - MENCIÓN DE SERIE
Mención de serie Libros Tau ;
Designación de volumen o secuencia 1
650 04 - PUNTO DE ACCESO ADICIONAL DE MATERIA--TÉRMINO DE MATERIA
Término de materia o nombre geográfico como elemento de entrada Estudio-
Subdivisión general Métodos
9 (RLIN) 12576
700 1# - ENTRADA AGREGADA--NOMBRE PERSONAL
Nombre de persona Bordas, María Dolores.
9 (RLIN) 30382
700 1# - ENTRADA AGREGADA--NOMBRE PERSONAL
Nombre de persona Comes, Prudencio.
9 (RLIN) 39998
830 10 - PUNTO DE ACCESO ADICIONAL DE SERIE-TÍTULO UNIFORME
Título uniforme Libros Tau
Designación de volumen o secuencia 1
9 (RLIN) 182006
852 ## - LOCALIZACIÓN
Ubicación ES-MaACL
Número de control de estantería C-28268
Holdings
Estatus retirado Estado de pérdida Estado de daño No para préstamo Biblioteca de origen Biblioteca actual Ubicación en estantería Fecha de adquisición Fuente de adquisición Total de préstamos Signatura topográfica completa Código de barras Visto por última vez Precio de reemplazo Tipo de ítem Koha
        Biblioteca del Ateneo de Madrid Biblioteca del Ateneo de Madrid Depósito 2 17/01/2008     C-28268 1100306 23/02/2023 23/02/2023 Libro impreso